| 000 | 00412nam a2200181Ia 4500 | ||
|---|---|---|---|
| 008 | 240830s2002 xx 000 0 und d | ||
| 041 | _aeng | ||
| 082 | _a617 CUS | ||
| 100 | _aCUSCHIERI | ||
| 245 | _aESSENTIAL SURGICAL PRACTICE PART. 2 | ||
| 250 | _aN.D. | ||
| 260 |
_aLONDON _bARNOLD _c2002 |
||
| 300 | _a585p | ||
| 440 | _v2 | ||
| 650 | _aSHALAKAYA-TANTRA | ||
| 906 | _aN.D. | ||
| 999 |
_c1199293 _d1199293 |
||